<?xml version="1.0" encoding="UTF-8"?>
<collection xmlns="http://www.loc.gov/MARC21/slim">
 <record>
  <leader>01705nam a22002657a 4500</leader>
  <controlfield tag="001">NCT_141144</controlfield>
  <controlfield tag="008">190821b        xxu||||| |||| 00| 0 vie d</controlfield>
  <datafield tag="999" ind1=" " ind2=" ">
   <subfield code="c">7270</subfield>
   <subfield code="d">7270</subfield>
  </datafield>
  <datafield tag="020" ind1=" " ind2=" ">
   <subfield code="a">9786048124441</subfield>
   <subfield code="c">108000</subfield>
  </datafield>
  <datafield tag="082" ind1="0" ind2="4">
   <subfield code="2">23rd ed.</subfield>
   <subfield code="a">346.597</subfield>
   <subfield code="b">T528/T.1</subfield>
  </datafield>
  <datafield tag="100" ind1="1" ind2=" ">
   <subfield code="a">Phạm Văn Tuyết</subfield>
   <subfield code="e">Chủ biên</subfield>
  </datafield>
  <datafield tag="245" ind1="1" ind2="0">
   <subfield code="a">Giáo trình luật dân sự Việt Nam</subfield>
   <subfield code="n">Tập I</subfield>
   <subfield code="c">Phạm Văn Tuyết, Trần Thị Huệ (chủ biên)</subfield>
  </datafield>
  <datafield tag="260" ind1=" " ind2=" ">
   <subfield code="a">H.</subfield>
   <subfield code="b">Tư pháp</subfield>
   <subfield code="c">2022</subfield>
  </datafield>
  <datafield tag="300" ind1=" " ind2=" ">
   <subfield code="a">515 tr.</subfield>
   <subfield code="c">22cm</subfield>
  </datafield>
  <datafield tag="500" ind1=" " ind2=" ">
   <subfield code="a">ĐTTS ghi: Trường Đại học Luật Hà Nội</subfield>
  </datafield>
  <datafield tag="520" ind1="3" ind2=" ">
   <subfield code="a">Sách cung cấp những nội dung chính của bộ luật dân sự năm 2015 và làm rõ nội dung cơ bản của các phần trong bộ luật. Hiện nay bộ luật dân sự năm 2015 quy định các chuẩn mực pháp lý cho cách ứng xử của các chủ thể trong giao lưu dân sự. </subfield>
  </datafield>
  <datafield tag="653" ind1=" " ind2=" ">
   <subfield code="a">Luật học</subfield>
  </datafield>
  <datafield tag="700" ind1="1" ind2=" ">
   <subfield code="a">Trần Thị Huệ</subfield>
   <subfield code="e">Chủ biên</subfield>
  </datafield>
  <datafield tag="700" ind1="1" ind2=" ">
   <subfield code="a">Hoàng Thị Loan</subfield>
  </datafield>
  <datafield tag="700" ind1="1" ind2=" ">
   <subfield code="a">Lê Đình Nghị</subfield>
  </datafield>
  <datafield tag="942" ind1=" " ind2=" ">
   <subfield code="2">ddc</subfield>
   <subfield code="c">BK</subfield>
  </datafield>
  <datafield tag="952" ind1=" " ind2=" ">
   <subfield code="0">0</subfield>
   <subfield code="1">0</subfield>
   <subfield code="2">ddc</subfield>
   <subfield code="4">0</subfield>
   <subfield code="6">346_597000000000000_T528_T_1</subfield>
   <subfield code="7">0</subfield>
   <subfield code="9">26170</subfield>
   <subfield code="a">000001</subfield>
   <subfield code="b">000001</subfield>
   <subfield code="d">2022-09-16</subfield>
   <subfield code="l">2</subfield>
   <subfield code="o">346.597 T528/T.1</subfield>
   <subfield code="p">MD.20629</subfield>
   <subfield code="r">2022-12-23</subfield>
   <subfield code="s">2022-12-19</subfield>
   <subfield code="v">108000.00</subfield>
   <subfield code="w">2022-09-16</subfield>
   <subfield code="y">BK</subfield>
  </datafield>
  <datafield tag="952" ind1=" " ind2=" ">
   <subfield code="0">0</subfield>
   <subfield code="1">0</subfield>
   <subfield code="2">ddc</subfield>
   <subfield code="4">0</subfield>
   <subfield code="6">346_597000000000000_T528_T_1</subfield>
   <subfield code="7">0</subfield>
   <subfield code="9">26171</subfield>
   <subfield code="a">000001</subfield>
   <subfield code="b">000001</subfield>
   <subfield code="d">2022-09-16</subfield>
   <subfield code="o">346.597 T528/T.1</subfield>
   <subfield code="p">MD.20630</subfield>
   <subfield code="r">2022-09-16</subfield>
   <subfield code="v">108000.00</subfield>
   <subfield code="w">2022-09-16</subfield>
   <subfield code="y">BK</subfield>
  </datafield>
  <datafield tag="952" ind1=" " ind2=" ">
   <subfield code="0">0</subfield>
   <subfield code="1">0</subfield>
   <subfield code="2">ddc</subfield>
   <subfield code="4">0</subfield>
   <subfield code="6">346_597000000000000_T528_T_1</subfield>
   <subfield code="7">0</subfield>
   <subfield code="9">26172</subfield>
   <subfield code="a">000001</subfield>
   <subfield code="b">000001</subfield>
   <subfield code="d">2022-09-16</subfield>
   <subfield code="l">2</subfield>
   <subfield code="o">346.597 T528/T.1</subfield>
   <subfield code="p">MD.20631</subfield>
   <subfield code="r">2022-12-23</subfield>
   <subfield code="s">2022-12-17</subfield>
   <subfield code="v">108000.00</subfield>
   <subfield code="w">2022-09-16</subfield>
   <subfield code="y">BK</subfield>
  </datafield>
  <datafield tag="980" ind1=" " ind2=" ">
   <subfield code="a">Thư viện Trường Đại học Nam Cần Thơ</subfield>
  </datafield>
 </record>
</collection>
